000 00797nam a2200313Ia 4500
008 160803s9999 xx 000 0 und d
020 _a9780545446822
100 _aHarrison, Kim
245 _aOnce dead, twice shy :
245 _ba novel /
245 _cKim Harrison.
260 _aNew York :
260 _bScholastic Inc.
260 _c2009
300 _aix, 232, 11 pages ;
300 _c21 cm
500 _aOriginally published: New York : Harper Collins, ©2009.
650 _aAmulets --
650 _aDead --
650 _aDead --
650 _aDeath --
650 _aTeenage girls --
650 _xFiction.
650 _xJuvenile fiction.
650 _xJuvenile fiction.
650 _xJuvenile fiction.
650 _xJuvenile fiction.
700 _a710
999 _c298528
_d298528